| 000 | 00604nam a2200133Ia 4500 | ||
|---|---|---|---|
| 008 | 171212s9999 xx 000 0 und d | ||
| 020 | _a9780833029546 | ||
| 100 | _aKhalilzad, Zalmay;Shapiro, Jeremy | ||
| 245 |
_cKhalilzad, Zalmay;Shapiro, Jeremy _aStrategic Appraisal _bUnited States Air and Space Power in the 21st Century |
||
| 260 |
_bRAND Corporation _c2002 |
||
| 650 | _aManagement & Organizational Behavior | ||
| 650 | _aUnited States. Air Force; Air power -- United States; Astronautics, Military -- United States; World politics -- 21st century | ||
| 856 | _uwww.jstor.org/stable/10.7249/mr1314af | ||
| 999 |
_c352569 _d352569 |
||